Pääkaupunkeja - Äkkikuolema - Statistics

Yleistilastot
  • Tätä visaa on pelattu 26 139 kertaa
  • Keskiarvotulos 9 / 28
Answers on the Grid
Answers color-coded by a green-red scale on the quiz's grid according to % correct below.
Aleksandria
Ankara
Ateena
Auckland
Bagdad
Baku
Bangkok
Barcelona
Belmopan
Bogotá
Dubai
Dublin
Freetown
Hampuri
Havanna
Helsinki
Istanbul
Jos
Kapkaupunki
Lagos
Leeds
Lima
Lontoo
Manila
Marrakech
Medellin
Monrovia
Moskova
Mumbai
Nairobi
New York
Omsk
Oslo
Porto
Riad
Rooma
São Paulo
Soul
Split
Surabaya
Suva
Sydney
Tbilisi
Tijuana
Tokio
Torino
Toronto
Tunis
Varsova
Wien
 
Vastaustilastot
Vastaus % Oikein
Ateena
74%
Ankara
68%
Bangkok
53%
Helsinki
52%
Dublin
46%
Lontoo
41%
Oslo
38%
Bagdad
35%
Moskova
35%
Rooma
35%
Baku
33%
Lima
33%
Tokio
33%
Varsova
31%
Wien
31%
Bogotá
29%
Havanna
26%
Soul
26%
Kapkaupunki
24%
Manila
24%
Nairobi
23%
Tunis
19%
Riad
17%
Tbilisi
17%
Freetown
15%
Belmopan
11%
Monrovia
10%
Suva
9%
Ehtoja vastaavia visoja ei löytynyt
Tulosjakauma
Jokaisen tuloksen saaneiden osuus
Persentiili vastausten määrän mukaan
Tuloshistoriasi
Et ole pelannut tätä visaa